[Event "Interpolis-02"]
[Site "Tilburg"]
[Date "1978.09.02"]
[Round "2"]
[White "Miles, Anthony John"]
[Black "Ribli, Zoltan"]
[Result "1-0"]
[WhiteElo "2565"]
[BlackElo "2585"]
[Annotator "Ftacnik,L"]
[PlyCount "89"]
[EventDate "1978.09.01"]
[EventType "tourn"]
[EventRounds "11"]
[EventCountry "NED"]
[EventCategory "14"]
[SourceTitle "MCL"]
[Source "ChessBase"]
[SourceDate "1999.07.01"]
[SourceVersion "1"]
[SourceVersionDate "1999.07.01"]
[SourceQuality "1"]

1. d4 Nf6 2. Nf3 g6 3. c4 Bg7 4. Nc3 d5 5. e3 O-O 6. b4 b6 7. Qb3 c6 (7... c5
$5) (7... Bb7) 8. cxd5 $1 (8. Bb2 dxc4 9. Bxc4 b5 10. Be2 Be6 11. Qc2 a5 $13)
8... cxd5 9. b5 $1 $14 (9. Bb2 Nc6 $1 $13) 9... Bb7 $6 (9... a5 $5) (9... a6 $5
) 10. Bb2 Nbd7 11. Be2 Rc8 12. O-O Rc7 13. a4 Qb8 14. a5 $16 Rfc8 $6 (14...
bxa5 15. Rxa5 Rfc8 16. Raa1 $16) 15. a6 $6 $16 Ba8 16. Rac1 e6 17. Ba3 Ne4 18.
Na2 e5 19. Rxc7 Rxc7 20. Rc1 exd4 21. exd4 Nf8 22. Rxc7 Qxc7 23. g3 (23. Bxf8
$1) 23... Ne6 24. Bb2 Nd6 25. Nb4 Qd7 26. Nc2 Nc4 $6 27. Ne3 Nxb2 $6 28. Qxb2
$16 Qd8 29. Qc3 h6 30. Ng4 Nc7 31. Nge5 Ne8 32. Qe3 Nd6 33. Bd3 Qc7 34. Qf4 Qe7
(34... Qc3 35. Nxf7 $1 Nxf7 36. Bxg6) 35. Qg4 Qe8 36. h4 (36. Qd7 Qxd7 37. Nxd7
f6 $1) 36... Ne4 37. Qf4 h5 38. Kg2 Bf8 (38... f6 $5 39. Nxg6 Kh7 40. Qf5 $1
Qxg6 41. Qc8 $18) 39. Ng5 $1 f6 (39... Nxg5 40. Qxg5 $18) 40. Nxe4 dxe4 41.
Bc4+ Kg7 42. Nf7 $1 $18 Kh7 43. Qxf6 Bg7 44. Ng5+ Kh8 45. Qe6 1-0

[Event "EU-ch 1st"]
[Site "Saint Vincent"]
[Date "2000.07.06"]
[Round "4"]
[White "Nadanian, Ashot S"]
[Black "Mikhalevski, Victor"]
[Result "0-1"]
[WhiteElo "2413"]
[BlackElo "2532"]
[Annotator "Ftacnik,L"]
[PlyCount "52"]
[EventDate "2000.07.03"]
[EventType "swiss"]
[EventRounds "11"]
[EventCountry "ITA"]
[SourceTitle "CBM 078"]
[Source "ChessBase"]
[SourceDate "2000.10.18"]
[SourceVersion "1"]
[SourceVersionDate "2000.10.18"]
[SourceQuality "1"]

1. d4 Nf6 2. c4 c5 3. e3 g6 4. Nf3 Bg7 5. Nc3 cxd4 6. exd4 O-O 7. Be2 d5 8. O-O
Nc6 9. h3 b6 10. Ne5 Bb7 11. Bf3 Na5 12. b3 Rc8 13. Ba3 dxc4 14. Bxb7 Nxb7 15.
bxc4 Na5 16. Re1 Re8 17. c5 $1 {White's hanging pawns are under fire and white
has to play well to defend them.} (17. Qa4 Nxc4 $1 18. Nxc4 Qxd4 19. Nxb6 Qxb6
20. Rab1 Qc6 21. Qxc6 Rxc6 {0-1 Monin,N-Horvath,G/Zalakaros/1993/ (80)}) 17...
bxc5 18. Bxc5 (18. dxc5 Nd7 19. Nxd7 Bxc3 20. Rc1 Bxe1 21. Qxe1 Qxd7 22. Qxa5
e5 $17) 18... Nd7 19. Nxd7 Qxd7 20. Qa4 (20. Rc1 e5 (20... Nc6 21. d5 Red8 22.
Qe2 (22. dxc6 $2 Qxc6 $17) 22... Ne5 $11) 21. dxe5 Qxd1 22. Nxd1 Rxe5 $11)
20... Qxa4 21. Nxa4 Nb7 (21... Nc6 $5 22. Rad1 e6 $15) 22. Bxe7 $2 {
Pointlessly ambitious move, since with the knight on a4 white is running a
great danger of losing quickly.} (22. Rab1 $5 Nd6 23. Rb3 $11) (22. Bxa7 $2 Ra8
$19) 22... Bxd4 23. Rab1 (23. Rad1 Rc4 24. Rb1 Rxa4 25. Rxb7 Rxa2 $19) 23...
Rc2 $1 (23... Rc7 24. Bb4 Rxe1+ 25. Bxe1 $11) 24. Rxb7 (24. Re4 Bxf2+ 25. Kf1
f5 26. Reb4 Rxe7 27. Rxb7 Rxb7 28. Rxb7 Rxa2 $19) 24... Bxf2+ 25. Kf1 Bxe1 26.
Kxe1 Rc4 (26... Rc4 27. Rxa7 (27. Nc5 Rxc5 $19) 27... Re4+ $19) 0-1

[Event "RUS-Cup02"]
[Site "Moscow"]
[Date "1998.??.??"]
[Round "9"]
[White "Rustemov, Alexander"]
[Black "Guliev, Sarhan"]
[Result "1-0"]
[WhiteElo "2575"]
[BlackElo "2445"]
[Annotator "Ftacnik,L"]
[PlyCount "49"]
[EventDate "1998.01.21"]
[EventType "swiss"]
[EventRounds "9"]
[EventCountry "RUS"]
[SourceTitle "CBM 063"]
[Source "ChessBase"]
[SourceDate "1998.03.26"]
[SourceVersion "1"]
[SourceVersionDate "1998.03.26"]
[SourceQuality "1"]

1. Nf3 d5 2. e3 Nf6 3. c4 c6 4. Nc3 g6 5. d4 Bg7 6. Bd3 O-O 7. O-O dxc4 8. Bxc4
Bg4 9. h3 Bxf3 10. Qxf3 Nbd7 11. Rd1 e5 12. d5 c5 13. d6 $1 {The best
continuation, black has great problems to neutralize opponent's supremacy on
white squares.} Nb6 $6 (13... Rb8 14. e4 Ne8 (14... a6 15. a4 Ne8 16. a5 Qf6
17. Qg4 Qd8 18. Be3 Kh8 19. Qe2 Rc8 20. Bb3 f5 21. f3 f4 22. Bf2 g5 23. Ba4 {
1-0 Saigin,V-Alatortsev,V/URS-sf 1945/ (57)}) 15. Be3 a6 16. a4 Rc8 17. Rd2 h6
18. Rad1 Nef6 19. Nd5 Nxd5 20. Bxd5 Rb8 21. Qe2 Kh7 22. Rc2 Qf6 23. Ba2 {
1-0 Botvinnik,M-Ragozin,V/Leningrad m 1940/ (31)}) 14. Be2 Rb8 (14... Qd7 15.
Bb5 Qc8 16. e4 $16) 15. e4 Nh5 (15... Ne8 16. Be3 Rc8 17. Rac1 $16) 16. Be3 Rc8
17. a4 a5 (17... a6 18. Rac1 $16) 18. g3 c4 (18... Qd7 19. Kh2 $16) 19. Rd2 Rc6
20. Rad1 f5 $2 {It is understandable, that black badly needs counterplay.
Opening of the position will in this case only hasten his end.} (20... Nf6 21.
Nb5 Nxa4 22. Na7 c3 23. Nxc6 bxc6 24. Rc2 cxb2 25. Rxc6 $16) 21. exf5 Rxf5 22.
Bxb6 $1 Rxb6 (22... Qxb6 23. Qd5+ Kh8 24. Bxh5 Rxh5 25. d7 Qd8 26. Qxa5 $1 $18)
23. Qd5+ Kh8 24. Bxh5 Rxh5 (24... gxh5 25. Qxa5 $18) 25. Ne4 (25. Ne4 Rxh3 26.
d7 Bf6 27. Nxf6 Rxf6 28. Qxe5 $18) 1-0

[Event "RUS-Cup02"]
[Site "Moscow"]
[Date "1998.??.??"]
[Round "9"]
[White "Kravtsov, Sergey"]
[Black "Neverov, Valeriy"]
[Result "0-1"]
[WhiteElo "2415"]
[BlackElo "2540"]
[Annotator "Ftacnik,L"]
[PlyCount "82"]
[EventDate "1998.01.21"]
[EventType "swiss"]
[EventRounds "9"]
[EventCountry "RUS"]
[SourceTitle "CBM 063"]
[Source "ChessBase"]
[SourceDate "1998.03.26"]
[SourceVersion "1"]
[SourceVersionDate "1998.03.26"]
[SourceQuality "1"]

1. d4 d5 2. c4 c6 3. Nc3 Nf6 4. e3 g6 5. Nf3 Bg7 6. Be2 O-O 7. O-O Bg4 8. cxd5
cxd5 9. Qb3 b6 10. h3 Bxf3 11. Bxf3 e6 12. e4 Nc6 13. Qa4 (13. Be3 dxe4 (13...
Na5 14. Qa4 dxe4 15. Nxe4 Nd5 16. Rac1 Qe8 17. Qxe8 Rfxe8 18. Nd6 Red8 19. Nb5
Rd7 20. b4 Nb7 21. Bxd5 exd5 22. Rc6 Bf8 23. a3 a6 24. Nc7 Rc8 {1/2-1/2
Zhidkov,V-Ivanov,D/Vladivostok 1994/}) 14. Nxe4 Nd5 15. Qa4 Nce7 16. Nc3 a6 17.
Bg5 f6 18. Nxd5 Nxd5 19. Bh4 b5 20. Qb3 Qd7 21. Rfe1 Rad8 22. a4 Rfe8 23. axb5
Qxb5 24. Qxb5 axb5 25. Ra5 Nb4 {Koenig,D-Herndl,H/Werfen 1990/1/2-1/2 (61)})
13... b5 14. Qd1 $6 {White has in effect lost two tempos, it can hardly be an
idea to follow.} (14. Nxb5 dxe4 15. Bd1 Qb6 16. Be3 Nd5 17. Bb3 Rfd8 18. Nc3
Nxe3 19. fxe3 Ne7 20. Qb5 Qxb5 21. Nxb5 Bh6 22. Kf2 Nf5 23. Rfe1 e5 24. g4 Nh4
25. Red1 {1-0 Reshevsky,S-Addison,W/USA-ch 1965/ (38)}) 14... b4 (14... dxe4
15. Nxe4 Rc8 $1 (15... Nd5 16. Be3 Rc8 17. Nc3 $15) 16. Nxf6+ Qxf6 17. d5 Nd4 (
17... Rfd8 18. dxc6 Rxd1 19. Rxd1 Qh4 $17) 18. dxe6 Nxf3+ 19. Qxf3 Qxf3 20.
gxf3 fxe6 $17) 15. exd5 Nxd4 $1 (15... exd5 16. Ne2 $11) (15... bxc3 $2 16.
dxc6 cxb2 17. Bxb2 Nd5 18. Qa4 $16) 16. Qxd4 (16. Ne4 Nxf3+ 17. Qxf3 Nxd5 $17)
16... Nxd5 17. Qd3 (17. Qg4 bxc3 18. bxc3 Qa5 19. Bd2 Rac8 $17) (17. Qc5 bxc3
18. bxc3 Qc8 $5 (18... Nxc3 19. Bxa8 Qxa8 20. Be3 Ne2+ 21. Kh1 Bxa1 22. Rxa1
Rc8 23. Qxa7 $13) (18... Rc8 19. Qxa7 Nxc3 20. Qa6 Ne2+ 21. Qxe2 Bxa1 22. Ba3
Bd4 23. Bxf8 $11) 19. Ba3 Rd8 20. c4 Bxa1 21. cxd5 Qxc5 22. Bxc5 Rac8 $17)
17... bxc3 18. bxc3 Rc8 (18... Nxc3 19. Qa6 Rb8 20. Be3 Qc8 21. Qxc8 Rbxc8 $17)
19. Rb1 (19. Ba3 Rxc3 20. Qa6 Rxf3 21. Bxf8 Bxa1 22. Rxa1 Rxf2 $1 23. Kxf2 Qf6+
$19) 19... Nxc3 20. Qxd8 Rfxd8 {The result of white's play is a position
without pawn, but two bishops still offer a ray of hope.} 21. Rb7 Bd4 (21... a5
22. a3 $15) 22. Bg5 Rd6 (22... f6 23. Bh6 $5 (23. Be3 Bxe3 24. fxe3 a5 $17)
23... Nxa2 24. Re1 Rd6 25. Rg7+ Kh8 26. Re7 e5 27. Rb1 $15) 23. Be7 Ra6 24. Rd7
Rc4 (24... Bb6 $2 25. Bb7 $18) (24... Ra4 25. a3 $15) 25. a3 Kg7 26. Kh1 (26.
Bb4 Bc5 27. Bxc5 Rxc5 28. Ra1 h5 $17) 26... Raa4 (26... Rb6 27. Bb4 (27. Rxa7
Rb2 28. Rd7 Bxf2 $17) 27... Na2 28. Be2 Rcxb4 29. axb4 Rxb4 $15) 27. Re1 $1 {
White has to use lot of phantasy, but the attack against king is a well
defined motive.} Nd5 (27... Bxf2 28. Rxe6 $1 Bg3 (28... Ne4 29. Bxe4 Bg3 30.
Bg5 Rxa3 31. Bf3 Ra1+ 32. Bd1 Rxd1+ (32... Rc7 33. Bf6+ Kh6 34. Ree7 $16) 33.
Rxd1 fxe6 34. Rd7+ Kf8 35. Rd8+ $11) (28... fxe6 29. Bg5+ Kf8 30. Rd8+ $11) 29.
Rc6 (29. Bf6+ Kh6 30. Ree7 Rxa3 31. Rxa7 Rxa7 32. Rxa7 Ne4 33. Bb2 Nf2+ 34. Kg1
Nd3 $19) 29... Rxc6 30. Bxc6 Ra6 31. Rd3 Rxc6 32. Rxg3 $17) 28. Bd6 (28. Rxe6
fxe6 29. Bg5+ Ne7 30. Rxe7+ Kf8 $17) 28... Nb6 (28... Nf6 29. Rb7 Bxf2 30. Rxe6
Rc1+ 31. Kh2 h5 32. g3 $13) 29. Rb7 Nc8 (29... Kf6 30. Be7+ Kg7 31. Bd6) 30.
Bb4 $1 (30. Bg3 Rxa3 31. Rxe6 Ra2 32. Bd5 Rc1+ 33. Kh2 $15) 30... a5 (30...
Bxf2 31. Rxe6 a5 32. Ra6 Rc1+ 33. Kh2 Bb6 34. Bd5 $13) (30... Ra6 $2 31. Be2
Rb6 32. Rxb6 Nxb6 33. Bxc4 Nxc4 34. Rc1 $16) 31. Bd1 axb4 (31... Raxb4 $5 32.
axb4 Rxb4 33. Rxb4 (33. Rc7 Nb6 34. Rxe6 Rb1 35. Re1 Bxf2 36. Rf1 Nd5 $15)
33... axb4 34. Kg1 $11) 32. Bxa4 bxa3 33. Bb3 {Suddenly black is in trouble
since e6 pawn will fall down too.} Rc6 (33... Rc3 34. Bxe6 Nd6 35. Rd7 Bxf2 36.
Rf1 Bg3 37. Bxf7 $14) 34. Rxe6 Rxe6 (34... Rc1+ 35. Kh2 Bxf2 36. Rxf7+ Kxf7 37.
Rc6+ Kg7 38. Rxc1 $16) 35. Bxe6 Nd6 36. Rd7 Bc5 (36... Bxf2 37. Rxd6 fxe6 38.
Rxe6 Bc5 39. Ra6 $14) 37. Bb3 Kf6 38. f4 Kf5 39. g3 Ke4 40. Bxf7 $4 {Last move
before the time control is a horrible mistake, a pawn will become unstoppable.}
(40. Kg2 h5 41. Rc7 $16) 40... Nxf7 41. Rxf7 Bd4 (41... Bd4 42. Re7+ Kf3 43.
Re1 a2 $19) 0-1

[Event "World Cup"]
[Site "Khanty-Mansiysk"]
[Date "2009.11.22"]
[Round "1.2"]
[White "Milov, Vadim"]
[Black "Negi, Parimarjan"]
[Result "1-0"]
[WhiteElo "2652"]
[BlackElo "2620"]
[Annotator "Ftacnik,L"]
[PlyCount "79"]
[EventDate "2009.11.21"]
[EventType "k.o."]
[EventRounds "7"]
[EventCountry "RUS"]
[SourceTitle "CBM 134"]
[Source "ChessBase"]
[SourceDate "2010.01.18"]
[SourceVersion "1"]
[SourceVersionDate "2010.01.18"]
[SourceQuality "1"]

1. d4 Nf6 2. c4 g6 3. Nc3 d5 4. Nf3 Bg7 5. e3 O-O 6. Be2 c5 7. dxc5 Qa5 8. cxd5
Nxd5 9. Qxd5 Bxc3+ 10. bxc3 $5 (10. Bd2 Bxd2+ 11. Qxd2 Qxc5 $11) 10... Qxc3+
11. Qd2 Qxa1 12. O-O {[%mdl 4] The sacrifice of the exchange for the
initiative is quite radical attempt to disrupt the parity on the board.} Be6 (
12... Qg7 13. Bb2 (13. Bc4 Nc6 14. Bb2 e5 15. Ng5 Bf5 16. f4 Rad8 17. Qc1 Bd3
18. Bxd3 Rxd3 19. fxe5 Nxe5 20. Ne4 {1-0 Kron,V (2395)-Zaitsev,V/Voronezh 1991
(36)} f5 21. Nd6 Qe7 $15) 13... f6 14. Bc4+ Kh8 15. Ng5 (15. e4 e5 16. Ne1 g5
17. h4 {1/2-1/2 Lputian,S (2530)-Gavrikov,V (2550)/Riga 1985}) 15... Nc6 16. f4
Bf5 17. e4 Rad8 18. Qe3 Bc8 19. Ne6 Bxe6 20. Bxe6 Qh6 $15 {1-0 Adianto,U (2610)
-Gheorghiu,F (2485)/Biel 1997 (41)}) (12... Qf6 13. Bb2 Qc6 14. Bc4 Nd7 15. e4
e5 16. Bd5 Qf6 17. Rb1 Re8 18. Ng5 Re7 19. Ba3 $14 {0-1 Ivanov-Tseitlin,M/
Leningrad 1970 (58)}) 13. Bb2 Qxa2 14. Ng5 f6 15. Bf3 {Milov had surely
prepared for this battle and is conciously avoiding the levelling of chances
after recapturing the exchange.} (15. Nxe6 Qxe6 16. Bf3 Kg7 17. Bxb7 Nc6 18.
Bxa8 Rxa8 $11) 15... Bc4 (15... fxg5 16. Qc3 $1 (16. Qd4 Rf6 17. Qd8+ Rf8 18.
Qd4 Rf6 {1/2-1/2 Berkell,P (2217)-Andersson,G (2198)/Sweden 2008}) 16... Kf7 (
16... Rf6 17. Bxb7 Bd7 18. Ra1 Qe6 19. Bxa8 $16) 17. Bxb7 Rg8 18. Bxa8 Na6 19.
Bc6 (19. Be4 Nxc5 20. Qxc5 Qxb2 21. f4 $16 g4 22. f5 gxf5 23. Bxf5 Bxf5) 19...
Qc4 (19... Nxc5 20. f4 g4 21. Qd4 Qb3 22. f5 gxf5 23. Rxf5+ Bxf5 24. Bd5+ $18)
20. Qe5 Nxc5 (20... Qxc5 21. Be8+ Kxe8 22. Qxe6 $18) 21. f4 $18) 16. Rc1 (16.
Bxb7 Nc6 17. Ra1 Rad8 18. Qc1 Qb3 19. Bxc6 fxg5 20. Bf3 Rxf3 21. gxf3 Be2 22.
Qc3 Qxc3 23. Bxc3 Bxf3 24. h3 $11) 16... e6 $2 {For most players defence is a
rather unpleasant task in chess. It is often enough that one misses one
critical moment for making a good choice and then the consequences can be
disastrous.} (16... Nc6 $1 17. Rxc4 Rad8 18. Bd5+ Rxd5 19. Qxd5+ Kh8 20. Ne6
Qxb2 21. g3 Rb8 $15) 17. Ne4 (17. Bxb7 $5 Bd5 (17... fxg5 18. Qd4 Kf7 19. Rxc4
$18) 18. Ra1 Qc4 (18... Qb3 19. Bxa8 Bxa8 20. Rxa7 Bb7 21. c6 Bxc6 (21... Nxc6
22. Qd7 Ne7 23. Rxb7 $18) 22. Nxh7 Nd7 23. Nxf8 $18) 19. Bxa8 Bxa8 20. Nxh7
Kxh7 21. Rxa7+ Kg8 22. Rxa8 $18) 17... Nc6 (17... Nd7 18. Qxd7 Qxb2 19. Rxc4
Qa1+ 20. Qd1 Qxd1+ 21. Bxd1 $16) 18. Ra1 Rad8 $6 (18... Qb3 19. Nxf6+ Rxf6 20.
Bxf6 Bd3 21. Bxc6 bxc6 22. f3 $16) 19. Qc1 $6 {The players are both making
second rate decisions. White could have won by force after the more active
retreat of the queen.} (19. Qc3 $1 Qb3 20. Nxf6+ Kf7 21. Qxb3 Bxb3 22. Bxc6 e5
23. Nxh7 bxc6 24. Nxf8 Kxf8 25. Bxe5 $18) 19... Qb3 20. Nxf6+ Rxf6 (20... Kf7
21. Bxc6 Be2 22. Bd7 $18) 21. Bxf6 Rf8 (21... Rd7 22. Rb1 Qa4 23. Bxc6 bxc6 24.
f3 $14) 22. Bc3 Qb5 $6 (22... Bb5 $1 23. Rb1 Qc4 24. Qb2 a6 25. Rc1 Rf7 $14)
23. Bb2 $1 {Milov has not missed his second great chance and punished the
opponent's inaccuracy with the most unpleasant reaction.} (23. Bxc6 Qxc6 24.
Rxa7 Ba6 25. Bd4 $16) 23... Rxf3 (23... Qxc5 24. Qc3 e5 25. Bxc6 Qxc6 (25...
bxc6 26. Ra5 Rd8 27. h3 $18) 26. Qxe5 $18) 24. gxf3 Qxc5 25. Qc3 e5 26. Rd1 (
26. f4 Qd5 27. fxe5 Qe6 28. f3 $16) 26... b5 27. Qd2 {Black's counterplay is
not sufficient for the simple reason of his exposed king.} Qf8 28. Kg2 Be6 29.
Qd6 Qf6 30. h4 Kg7 (30... Kf7 31. Qc7+ Ne7 32. Rh1 Bc4 33. Bxe5 $18) 31. Qc7+
Kh6 (31... Bf7 32. Rd6 $18) 32. Bc1 {White is maybe not choosing the best
moves, but even so the defender's life is hanging by a thread.} (32. e4 Bh3+
33. Kg1 Ne7 34. Bxe5 Qxh4 35. Bf4+ Kg7 36. Rd8 Kf7 37. Qe5 $18) 32... e4 33.
Qg3 (33. fxe4 Bg4 34. Rd2 Qf3+ 35. Kg1 Qxe4 36. Rd5 Bh3 37. Rg5 $18) 33... Bf5
$2 (33... Qxf3+ 34. Qxf3 exf3+ 35. Kxf3 Ne5+ 36. Kf4 $16) 34. fxe4 (34. Rd6 Be6
35. Qg5+ Qxg5+ 36. hxg5+ Kxg5 37. Rxe6 $18) 34... Bxe4+ 35. f3 Bb1 36. e4+ Kg7
37. Qc7+ Kg8 38. Qc8+ {The knight could have safely been taken..} (38. Rd6 $18)
38... Kg7 39. Qc7+ Kg8 40. Rd7 {The model concentration of white pieces in
attacking formation easily decides the game.} (40. Rd7 Ba2 41. Bh6 Qb2+ 42. Rd2
$18) 1-0

[Event "Gelsenkirchen"]
[Site "Gelsenkirchen"]
[Date "1991.??.??"]
[Round "?"]
[White "Vyzmanavin, Alexey"]
[Black "Smyslov, Vassily V"]
[Result "1-0"]
[WhiteElo "2605"]
[BlackElo "2535"]
[Annotator "Ftacnik,L"]
[PlyCount "125"]
[EventDate "1991.05.??"]
[EventType "tourn"]
[EventRounds "11"]
[EventCountry "GER"]
[EventCategory "8"]
[SourceTitle "CBM 025"]
[Source "ChessBase"]
[SourceDate "1991.12.01"]
[SourceVersion "1"]
[SourceVersionDate "1991.12.01"]
[SourceQuality "1"]

1. d4 d5 2. c4 c6 3. Nc3 Nf6 4. e3 g6 5. Nf3 Bg7 6. Be2 O-O 7. O-O Bg4 8. cxd5
cxd5 9. Qb3 b6 10. h3 Bxf3 11. Bxf3 e6 12. Bd2 (12. Be2 a6 13. Bd2 Nc6 14. Rfc1
Na5 15. Qb4 Nd7 16. Na4 Nb7 17. Rc6 b5 18. Rac1 Re8 19. Rc7 Rb8 20. Qc3 bxa4
21. Qc6 Nbc5 $132 {Timman,J-Smyslov,V/Las Palmas izt/1982/}) 12... Nc6 13. Qa4
Na5 14. b3 a6 15. Ne2 Qd7 (15... Nb7 16. Qc6 Ra7 17. Rac1 Re8 18. Nf4 Nd6 19.
Nd3 Nb5 20. Qc2 Rc7 21. Qb2 Rxc1 22. Rxc1 Qa8 $10 {Speelman,J-Plaskett,J/
Hastings/1986/}) 16. Qxd7 Nxd7 17. Rac1 Rac8 18. e4 $1 Nf6 (18... dxe4 19. Bxe4
Nf6 20. Bd3 $16) 19. exd5 Nxd5 (19... exd5 20. Nc3 $16) 20. Bxd5 exd5 21. Nc3
Rcd8 (21... Rfd8 22. Bg5 (22. Nxd5 Rxc1 23. Rxc1 Bxd4 $13 (23... Rxd5 $2 24.
Rc8+ Bf8 25. Bh6 $18)) 22... f6 23. Be3 $14) 22. Na4 Nb7 (22... Bxd4 23. Bb4
Rfe8 24. Rfd1 Bg7 25. Nxb6 Nb7 26. Nxd5 $18) 23. Bg5 (23. Nxb6 Bxd4 $132) 23...
f6 (23... Rb8 24. Nxb6 Bxd4 25. Nxd5 $18) 24. Bf4 b5 25. Nc5 Nxc5 (25... Rf7
26. Nxa6 Ra8 27. Nc7 Rxa2 28. Nxd5 $16) 26. dxc5 Rfe8 27. c6 f5 (27... Re6 28.
c7 Rc8 29. Rfd1 $18) 28. c7 Rc8 29. Rc6 Kf7 30. Rfc1 Be5 (30... Re6 31. Rxe6
Kxe6 32. Rc6+ Kd7 33. Rxa6 $18) 31. Bxe5 Rxe5 32. Rxa6 Re7 33. Rd6 Rcxc7 34.
Rxc7 Rxc7 35. Rxd5 Rc1+ 36. Kh2 Ra1 (36... Rc2 37. Kg3 Rxa2 38. Rxb5) 37. Rxb5
Rxa2 38. Kg3 Kf6 39. Kf3 Rb2 40. h4 h6 41. g3 g5 42. Rb6+ Ke5 (42... Kg7 43. h5
$18) 43. h5 g4+ 44. Ke3 Rc2 45. f4+ $1 (45. Rxh6 Rc3+ 46. Ke2 Rxb3 47. Ra6 Rb1
48. h6 Rh1 $16) 45... gxf3 (45... Kd5 46. Rb5+ Ke6 47. Re5+ Kf6 48. Kd3 $18)
46. Kxf3 Rc3+ 47. Kg2 Rd3 (47... f4 48. Rb5+ $18) 48. Rxh6 Rxb3 49. Rg6 Rb2+ (
49... f4 50. g4 $18) 50. Kh3 Rb1 51. Kh4 Rh1+ (51... f4 52. g4 f3 53. Rg5+ Kf4
54. Rf5+ Ke3 55. h6 $18) 52. Kg5 Rg1 53. Kh6 Rh1 54. Ra6 Rg1 55. Ra3 Kf6 56.
Re3 Rg2 57. Rd3 Rg1 58. Re3 Rg2 59. Kh7 Kg5 60. h6 Ra2 (60... Rh2 61. Re6 Rh3
62. Rg6+ Kh5 63. Kg7 $18) 61. Re6 Ra3 62. Kg7 Kg4 (62... Ra7+ 63. Kg8 Ra8+ 64.
Kf7 Ra7+ 65. Re7 Rxe7+ 66. Kxe7 Kxh6 67. Kf6 Kh7 68. Kxf5 Kg7 69. Kg5 Kf7 70.
Kh6 $18) 63. Kf6 {Ftacnik,L} 1-0

[Event "NED-ch53"]
[Site "Rotterdam"]
[Date "1998.06.26"]
[Round "5"]
[White "Nikolic, Predrag"]
[Black "Ernst, Sipke"]
[Result "1-0"]
[WhiteElo "2635"]
[BlackElo "2300"]
[Annotator "Ftacnik,L"]
[PlyCount "67"]
[EventDate "1998.06.21"]
[EventType "tourn"]
[EventRounds "11"]
[EventCountry "NED"]
[EventCategory "12"]
[SourceTitle "CBM 066"]
[Source "ChessBase"]
[SourceDate "1998.09.30"]
[SourceVersion "1"]
[SourceVersionDate "1998.09.30"]
[SourceQuality "1"]

1. d4 d5 2. c4 c6 3. Nc3 Nf6 4. e3 g6 5. Nf3 Bg7 6. h3 O-O 7. Be2 a6 8. O-O (8.
a4 a5 9. O-O Na6 10. b3 Ne4 11. Bb2 Nac5 {1/2-1/2 Small,V-Garbett,P/Fencible
Masters/1997/}) 8... b5 (8... dxc4 9. Bxc4 b5 10. Bd3 (10. Bb3 Nbd7 11. e4 b4
12. e5 bxc3 13. exf6 Nxf6 14. bxc3 c5 15. Re1 Bb7 16. Ba3 Ne4 17. Qd3 Qa5 18.
Rxe4 Qxa3 19. Rf4 Rad8 20. Rb1 Bd5 21. Bxd5 Rxd5 22. Qc4 e6 {0-1 Libeau,
R-Hellsten,J/Sommerskak/1995/ (63)}) 10... c5 11. a4 cxd4 12. Nxd4 b4 13. Ne4
Ra7 14. Nc5 Rc7 15. Ndb3 Nfd7 16. Ne4 Ne5 17. Be2 Nbd7 18. Qe1 Bb7 19. Qxb4 Qa8
20. f3 Rb8 21. Qa5 Rbc8 22. Qb4 Bd5 23. Na5 Rc2 {0-1 Romanov,O-Hellsten,J/
Mlada Boleslav op/1995/ (31)}) 9. cxd5 cxd5 10. Ne5 Bb7 (10... Nbd7 11. Nc6 Qe8
12. a4 bxa4 13. Nxa4 e6 14. b4 $14) 11. Nd3 Nbd7 12. a4 {With the knight on d3
black's pawn structure a6-b5 is surprisingly vulnerable.} Ne4 (12... bxa4 13.
Nxa4 e6 14. b4 $14) (12... Qb6 13. b4 Rfc8 14. Nc5 bxa4 15. N3xa4 $14) 13. axb5
Nxc3 (13... axb5 14. Rxa8 Qxa8 15. Nxb5 Qa5 16. Na3 $16) 14. bxc3 axb5 15. Rxa8
Qxa8 (15... Bxa8 16. Qb3 Qa5 17. Nf4 Nf6 18. Ba3 $14) 16. Nb4 Bc6 (16... Qa5
17. Qd3 Rc8 18. Qxb5 Qxb5 19. Bxb5 Nf6 20. Bb2 $16) 17. Qb3 Rb8 18. Ba3 Nf6 (
18... e6 19. Rb1 Nf6 20. Nxc6 Qxc6 21. Bxb5 $16) 19. Nxc6 Qxc6 20. Bd3 $6 {
Very artificial move, that in effect loses tempo.} (20. Bxe7 $1 Ne4 21. Rc1 $16
) 20... Bf8 21. Rb1 Rc8 22. Bb4 (22. Bxb5 Qxc3 $11) 22... e6 23. Ba5 Rb8 24.
Bxb5 Qa8 (24... Qc8 $5 25. Qa4 Ne4 26. Rb3 Ra8 27. f3 Nd6 $14) 25. Bc7 $6 (25.
Qa4 Ne4 26. Ra1 $16) 25... Rb7 $2 {Both players are blind to the fact, that c3
pawn is vulnerable beyond hope. Black had chosen the wrong type of counterplay.
} (25... Rc8 26. Be5 Ne4 27. Rc1 Nxc3 $11) 26. Be5 Ne4 27. Qc2 Qa5 28. c4 Nc3 (
28... dxc4 29. Bxc4 Rxb1+ 30. Qxb1 Nd2 31. Qc2 Nxc4 32. Qxc4 Qe1+ 33. Qf1 Qd2
$16) (28... f6 29. Bf4 Nc3 30. Rb3 Nxb5 31. cxb5 Rxb5 32. Qc8 Rxb3 33. Bd6 h5
34. Qxf8+ Kh7 35. Qf7+ Kh6 36. Qxf6 $18) 29. Rb3 Nxb5 30. cxb5 Rxb5 (30... Qa4
31. Qc6 Qxb3 32. Qxb7 $16) 31. Qc8 $1 {The nasty surprise, black king will be
in mating danger.} Rxb3 (31... Qa1+ 32. Kh2 Rc5 33. Qe8 Rc1 34. Rb7 $18) 32.
Bd6 Kg7 33. Qxf8+ Kf6 34. Qh8+ $1 (34. Qh8+ $1 Kg5 (34... Kf5 35. Qe5#) 35.
Bf4+ Kh5 36. Qxh7#) 1-0